Name the Animal by the Picture - Statistics

General Stats
  • This quiz has been taken 39 times
  • The average score is 15 of 16
Answer Stats
Picture Answer % Correct
Butterfly
100%
Cat
100%
Pig
100%
Tiger
100%
Crab
97%
Dolphin
97%
Elephant
97%
Horse
97%
Whale
97%
Camel
94%
Spider
94%
Swan
94%
Chick
92%
Goat
92%
Turtle
89%
Dingo
47%
No matching quizzes found
Score Distribution
Percent of People with Each Score
Percentile by Number Answered
Your Score History
You have not taken this quiz